Conservation action plan for botanic gardens of the Caribbean islands (Registro nro. 774)

Detalles MARC
000 -CABECERA
Campo de control 01009nam a2200301 a 4500
005 - FECHA Y HORA DE LA ULTIMA TRANSACCION
Campo de control 20200104041515.0
008 - ELEMENTOS DE LONGITUD FIJA—INFORMACION GENERAL
Campo de control 140221b1988 vau||||| |||| 00| 0 eng d
020 ## - ISBN
ISBN 0952027550
040 ## - FUENTE DE CATALOGACIÓN
Agencia catalogadora original CO-BoIAVH
Agencia transcriptora CO-BoIAVH
041 ## - IDIOMA
Código de idioma para texto/pista de sonido o título separado Inglés
082 ## - NUMERO DE CLASIFICACION DECIMAL DEWEY
Número de clasificación LB-333.72
Número del ítem J25c
090 ## - CLASIFICACIÓN LOCAL
Colección LB
Consecutivo 333.72
100 ## - ASIENTO PRINCIPAL--NOMBRE PERSONAL
Nombre personal Jackson, Peter Wyse
110 ## - ASIENTO PRINCIPAL--NOMBRE CORPORATIVO
Nombre corporativo o de jurisdicción como elemento de entrada Botanic Gardens Conservation International
Unidad subordinad Botanic Gardens Conservation International
245 ## - MENCION DE TITULO
Título Conservation action plan for botanic gardens of the Caribbean islands
260 ## - PUBLICACION, DISTRIBUCION, ETC. (PIE DE IMPRENTA)
Lugar de publicación, distribución, etc. Richmond
Nombre del editor, distribuidor, etc. BGCI
Fecha de publicación, distribución, etc. 1988
300 ## - DESCRIPCION FISICA
Extensión 36 p.
650 ## - ASIENTO SECUNDARIO DE MATERIA - TERMINO TEMATICO
Término temático o nombre geográfico como elemento de entrada Conservación de biodiversidad
650 ## - ASIENTO SECUNDARIO DE MATERIA - TERMINO TEMATICO
Término temático o nombre geográfico como elemento de entrada Plan de acción para jardines botánicos
650 ## - ASIENTO SECUNDARIO DE MATERIA - TERMINO TEMATICO
Término temático o nombre geográfico como elemento de entrada Ecosistemas terrestres
650 ## - ASIENTO SECUNDARIO DE MATERIA - TERMINO TEMATICO
Término temático o nombre geográfico como elemento de entrada Conservación de ecosistemas
650 ## - ASIENTO SECUNDARIO DE MATERIA - TERMINO TEMATICO
Término temático o nombre geográfico como elemento de entrada Educación ambiental
650 ## - ASIENTO SECUNDARIO DE MATERIA - TERMINO TEMATICO
Término temático o nombre geográfico como elemento de entrada Uso sostenible
650 ## - ASIENTO SECUNDARIO DE MATERIA - TERMINO TEMATICO
Término temático o nombre geográfico como elemento de entrada Política ambiental
662 ## - ASIENTO SECUNDARIO DE MATERIA - JERARQUIA DEL NOMBRE DE LUGAR(
Jurisdicción política intermedia Islas del Caribe
700 ## - ASIENTO SECUNDARIO - NOMBRE PERSONAL
Nombre personal Burbidge, Brinsley
942 ## - ELEMENTOS ADICIONALES (KOHA)
Tipo de ítem Folleto
Sistema de clasificación Dewey Decimal Classification
Existencias
Withdrawn status Lost status Sistema de Clasificación Damaged status No para préstamo Colección Fecha publicación (Año) Inventariado Ubicación Permanente Ubicación actual Fecha de adquisición Total Checkouts Número topográfico Inventario / Código de Barras Date last seen Ejemplar Price effective from Forma de adquisición Tipo de material
    Dewey Decimal Classification     General 1988 Inventariado 2017 Bogotá Bogotá 09/07/1998   LB-333.72 J25c 001101 04/12/2012 Ej. 1 04/12/2012   Folleto
    Dewey Decimal Classification     General   Inventariado 2017 Bogotá Bogotá 11/03/2016   LB-333.72 J25c 039876 11/03/2016 Ej. 2 11/03/2016 Donación Folleto